00880nam a2200205 i 450000100060000000300090000600500170001500700030003200800410003511000670007624502950014324600430043826000520048130000210053365000150055470000250056970000250059470000330061985200220065276372ES-MaACL20230906172824.0t|041001s1971 sp |||| | spa d2 aReal Academia de Medicina y Cirugía del Distrito de Granada.10aSesión inaugural del curso académico celebrada el día 31 de enero de 1971 b: memoria de Secretaría / cpor... Don Juan A. Pulgar Ruiz ; discurso de recepción del académico... Don Diego Guevara Pozo ; discurso de contestación del académico... Don Emilio Muñoz Fernández.34aSesión inaugural 31 de enero de 1971 aGranada : bReal Academia de Medicina, c[1971] a64 p. ; c24 cm. 4aHelmintos.1 aPulgar Ruiz, Juan A.1 aGuevara Pozo, Diego.1 aMuñoz Fernández, Emilio. aES-MaACLjC-47451